Matematičeskije metody v ekonomike

Guardado en:
Detalles Bibliográficos
Formato: Libro
Lenguaje:ruso
Publicado: Riga Zinatne 1984
Etiquetas: Agregar Etiqueta
Sin Etiquetas, Sea el primero en etiquetar este registro!

MARC

LEADER 00000nam a2200000 4500
001 c106856
005 20251212124959.0
041 0 |a rus 
044 |a LV 
245 1 0 |a Matematičeskije metody v ekonomike 
264 1 |a Riga  |b Zinatne  |c 1984 
300 |a 210 s.